Analýza faktorov vplývajúcich na rozhodovanie firmy pri výbere softvérového vybavenia bakalárska práca

Guardado en:
Detalles Bibliográficos
Autor principal: Šak, Jaroslav
Autor Corporativo: Podnikovohospodárska fakulta EU so sídlom v Košiciach. Katedra manažmentu
Otros Autores: Mesároš, Peter
Formato: Libro
Lenguaje:eslovaco
Publicado: Košice 2011
Etiquetas: Agregar Etiqueta
Sin Etiquetas, Sea el primero en etiquetar este registro!

MARC

LEADER 00000nbm a2200000 4500
001 0139450
005 20161109111623.6
041 0 |a slo 
044 |a SK 
245 1 0 |a Analýza faktorov vplývajúcich na rozhodovanie firmy pri výbere softvérového vybavenia  |b bakalárska práca  |c Jaroslav Šak ; školiteľ:Peter Mesároš 
264 1 |a Košice  |c 2011 
300 |a 44 s. 
100 1 |a Šak, Jaroslav 
700 1 |a Mesároš, Peter 
710 2 |a Podnikovohospodárska fakulta EU so sídlom v Košiciach. Katedra manažmentu